000 00328nam a22001457a 4500
003 SGT
082 _a617.3
_bO92A
100 _aADAMS, JOHN CARWFORD
245 _aOUTLINE OF ORTHOPAEDICS
250 _a11TH
260 _aLONDON U.K.
_bCHURCHILL LIVINGSTONE
_c1992
300 _a433
650 _aORTHOPEDICS
942 _2ddc
_cBK
999 _c21396
_d21396